Flags of Separatist Movements in Afghanistan - Statistics

General Stats
  • This quiz has been taken 11 times
  • The average score is 3 of 7
Answer Stats
Picture Hint Answer % Correct
Dominant ethnic group that rule the country Pashtunistan
70%
Another name for 'Kafiristan' Nuristan
60%
Desert situated in the southern region Balochistan
50%
Turkic uprisings South Turkestan
50%
Home to Ismailis Badakhshan
30%
Ethnic group that descend from various empires Hazarajat
30%
Culturally similar to Tajikistan Khorasan
10%
No matching quizzes found
Score Distribution
Percent of People with Each Score
Percentile by Number Answered
Your Score History
You have not taken this quiz